Marginalia del Manuscrito de Ferrara : (Record no. 51014)
[ view plain ]
| 000 -CABECERA | |
|---|---|
| campo de control de longitud fija | 00728nam a22002177a 4500 |
| 003 - IDENTIFICADOR DEL NÚMERO DE CONTROL | |
| campo de control | DO-SdBNP |
| 005 - FECHA Y HORA DE LA ÚLTIMA TRANSACCIÓN | |
| campo de control | 20250218104215.0 |
| 007 - CAMPO FIJO DE DESCRIPCIÓN FÍSICA--INFORMACIÓN GENERAL | |
| campo de control de longitud fija | ta |
| 008 - DATOS DE LONGITUD FIJA--INFORMACIÓN GENERAL | |
| campo de control de longitud fija | 211122b2021 dr a|||| |||| 00| 0 dr d |
| 020 ## - NÚMERO INTERNACIONAL ESTÁNDAR DEL LIBRO | |
| Número Internacional Estándar del Libro | 9789945924947 |
| 040 ## - FUENTE DE LA CATALOGACIÓN | |
| Centro catalogador/agencia de origen | DO-SdBNP |
| Lengua de catalogación | spa |
| Centro/agencia transcriptor | BNPHU |
| 100 1# - ENTRADA PRINCIPAL--NOMBRE DE PERSONA | |
| Nombre de persona | Martínez, Cristian |
| 9 (RLIN) | 1853 |
| 245 10 - MENCIÓN DE TÍTULO | |
| Título | Marginalia del Manuscrito de Ferrara : |
| Resto del título | noticias del Nuevo Mundo / |
| Mención de responsabilidad, etc. | Cristian Martínez Villanueva (Crismar). |
| 260 ## - PUBLICACIÓN, DISTRIBUCIÓN, ETC. | |
| Lugar de publicación, distribución, etc. | Santo Domingo : |
| Nombre del editor, distribuidor, etc. | Oceano Azul Ediciones |
| Fecha de publicación, distribución, etc. | 2021. |
| 300 ## - DESCRIPCIÓN FÍSICA | |
| Extensión | 166 p. : |
| Otras características físicas | il. ; |
| Dimensiones | 25 cm. |
| 500 ## - NOTA GENERAL | |
| Nota general | Incluye datos biográficos del autor en la solapa de la cubierta. |
| 504 ## - NOTA DE BIBLIOGRAFÍA, ETC. | |
| Nota de bibliografía, etc. | Bibliografía : p. 164 |
| 590 ## - NOTA LOCAL (RLIN) | |
| Nota local | Inventariado, 2021 /LP<br/><br/> |
| 910 ## - DATOS DE OPCIÓN DEL USUARIO (OCLC) | |
| Datos de opción del usuario | Lopérez. |
| 942 ## - ELEMENTOS DE PUNTO DE ACCESO ADICIONAL (KOHA) | |
| Fuente del sistema de clasificación o colocación | Dewey Decimal Classification |
| Tipo de ítem Koha | Libro |
| Estado de retiro | Estado de pérdida | Fuente del sistema de clasificación o colocación | Restricciones de uso | No para préstamo | Código de colección | Localización permanente | Ubicación/localización actual | Ubicación en estantería | Fecha de adquisición | Fuente de adquisición | Total de préstamos | Código de barras | Fecha visto por última vez | Precio válido a partir de | Tipo de ítem Koha | Número de copia |
|---|---|---|---|---|---|---|---|---|---|---|---|---|---|---|---|---|
| Dewey Decimal Classification | Préstamo en sala | Dominicana de Servicio | Biblioteca Nacional Pedro Henríquez Ureña | Dominicana | Depósito | 22.11.2021 | Depósito Legal | 2021-28265 | 22.11.2021 | 22.11.2021 | Libro y Folleto Colección Dominicana de Servicio | e.3 | ||||
| Dewey Decimal Classification | Excluido de préstamo | Patrimonio Dominicano | Biblioteca Nacional Pedro Henríquez Ureña | Patrimonio Dominicano | Depósito | 22.11.2021 | Depósito Legal | 2021-28263 | 22.11.2021 | 22.11.2021 | Libro y Folleto Colección Patrimonio Dominicano | |||||
| Dewey Decimal Classification | Excluido de préstamo | Patrimonio Dominicano | Biblioteca Nacional Pedro Henríquez Ureña | Patrimonio Dominicano | Depósito | 22.11.2021 | Depósito Legal | 2021-28264 | 22.11.2021 | 22.11.2021 | Libro y Folleto Colección Patrimonio Dominicano | e.2 |
